| 000 | 00786nam a2200181 4500 | ||
|---|---|---|---|
| 001 | 122590 | ||
| 003 | ES-MaACL | ||
| 005 | 20230906192015.0 | ||
| 007 | t| | ||
| 008 | 070214s1968 ae r ||||1| spa d | ||
| 111 | 2 |
_aColoquio de Juristas Árabes sobre Palestina ( _d1967. _cArgel) _992 |
|
| 245 | 1 | 3 |
_aEl problema palestinense _b: Coloquio de Juristas rabes sobre Palestina (Argel, 22-27 de julio de 1967) / _ctraducción de Rodolfo Aráoz Alfaro. |
| 260 |
_aArgel : _bMinistère de la Justice de la République Algérienne Démocratique et Populaire. |
||
| 300 |
_a255 p. ; _c20 cm. |
||
| 700 | 1 |
_aAráoz Alfaro, Rodolfo. _922342 |
|
| 710 | 2 |
_aArgel. _bMinistère de la Justice de la République Algérienne Démocratique et Populaire. _91473 |
|
| 852 |
_aES-MaACL _jE-5921 _bR.90117 |
||
| 999 |
_c122590 _d122590 |
||